the women who ruled India : (Record no. 170561)

MARC details
000 -LEADER
fixed length control field 00600nam a2200181 4500
005 - DATE AND TIME OF LATEST TRANSACTION
control field 20191217163124.0
010 ## - LCCN (DPL NO)
LC control number ENG-127180
020 ## - INTERNATIONAL STANDARD BOOK NUMBER
International Standard Book Number 9789351951520
Terms of availability 499.00
035 ## - SYSTEM CONTROL NUMBER
System control number EN-110712
037 ## - SOURCE OF ACQUISITION
Source of stock number/acquisition DBAD/PUB
082 ## - DEWEY DECIMAL CLASSIFICATION NUMBER
Classification number 954.08
100 ## - MAIN ENTRY--PERSONAL NAME
Personal name Gupta, Archana Garodia
245 ## - TITLE STATEMENT
Title the women who ruled India :
Statement of responsibility, etc by Harsh V.Pant
Remainder of title leaders. warriors. icons. /
260 ## - PUBLICATION, DISTRIBUTION, ETC. (IMPRINT)
Place of publication, distribution, etc Gurugram
Name of publisher, distributor, etc Hachette Book Publishing
Date of publication, distribution, etc 2019
270 ## - ADDRESS
Address 4th & 5th Floors, Corporate Centre, Plot No.94, Sector 44
City Gurugram
Postal code 122003
300 ## - PHYSICAL DESCRIPTION
Extent ix;299p .
Dimensions 19cm(pbk)
942 ## - ADDED ENTRY ELEMENTS (KOHA)
Source of classification or shelving scheme Dewey Decimal Classification
Item type English Books
Classification part 954.08
Call number suffix GUP
Holdings
Withdrawn status Lost status Not for loan Collection code Home library Current library Date acquired Source of acquisition Cost, normal purchase price Full call number Barcode Copy number Cost, replacement price Koha item type
      Non-fiction Ashok Vihar Ashok Vihar 17/12/2019 DBAD/PUB 499.00 954.08 GUP EN-110712 1 499.00 English Books

© Delhi Public Library
Hit Counter
free hit counter